[Event "CYCC U16"]
[Site "Ottawa CAN"]
[Date "2007.07.04"]
[Round "3"]
[White "Levesque, Mason"]
[Black "Nadeau, Jeremie"]
[Result "0-1"]
[WhiteElo "1388"]
[BlackElo "1579"]
[PlyCount "94"]
[GameId "2160767910659305"]
[EventDate "2007.07.03"]
[EventType "swiss"]
[EventRounds "7"]
[EventCountry "CAN"]
[SourceTitle "EXT 2022"]
[Source "ChessBase"]
[SourceDate "2021.10.06"]
[SourceVersion "1"]
[SourceVersionDate "2021.10.06"]
[SourceQuality "1"]

1. e4 c5 2. d4 cxd4 3. Qxd4 Nc6 4. Qc3 d6 5. Bb5 Bd7 6. Nf3 Nf6 7. Nbd2 a6 8. Bxc6 Bxc6 9. e5 dxe5 10. Nxe5 Bxg2 11. Qb3 Bd5 12. Qa4+ b5 13. Qh4 Bxh1 14. f3 Qd5 15. Qf4 e6 16. c4 bxc4 17. Ndxc4 Rd8 18. Bd2 Bd6 19. O-O-O Bxe5 20. Nxe5 Rc8+ 21. Bc3 Qxa2 22. Rd7 O-O 23. Nxf7 Rxf7 24. Rxf7 Kxf7 25. Kc2 Qd5 26. Qe3 Bxf3 27. Qa7+ Qb7 28. Qg1 Qe4+ 29. Kc1 Qd3 30. h3 Be4 31. Qf2 Qb1+ 32. Kd2 Rd8+ 33. Ke3 Rd3+ 34. Kf4 Rf3+ 35. Qxf3 Bxf3 36. Kxf3 Qd3+ 37. Kf2 Ne4+ 38. Kg1 Qe2 39. Be5 Ng5 40. h4 Nh3+ 41. Kh1 Qxe5 42. h5 Qe2 43. h6 Ng5 44. hxg7 Qf2 45. g8=Q+ Kxg8 46. b4 Nf3 47. b5 Qh2# 0-1

[Event "CYCC U16"]
[Site "Ottawa CAN"]
[Date "2007.07.04"]
[Round "3"]
[White "Liu, Robert"]
[Black "Gjorgjevik, Kristijan"]
[Result "1-0"]
[WhiteElo "1526"]
[BlackElo "1369"]
[PlyCount "35"]
[GameId "2160767910659306"]
[EventDate "2007.07.03"]
[EventType "swiss"]
[EventRounds "7"]
[EventCountry "CAN"]
[SourceTitle "EXT 2022"]
[Source "ChessBase"]
[SourceDate "2021.10.06"]
[SourceVersion "1"]
[SourceVersionDate "2021.10.06"]
[SourceQuality "1"]

1. e4 e5 2. Nf3 Nc6 3. Bc4 Nf6 4. Ng5 d5 5. exd5 Nxd5 6. Nxf7 Kxf7 7. Qf3+ Ke6 8. Nc3 Nce7 9. O-O c6 10. Re1 Kd6 11. Qe4 Bf5 12. Qxe5+ Kc5 13. d3 b5 14. Na4+ bxa4 15. Be3+ Kb4 16. c3+ Ka5 17. b4+ axb3 18. axb3# 1-0

[Event "CYCC U16"]
[Site "Ottawa CAN"]
[Date "2007.07.04"]
[Round "3"]
[White "MacMillan, Michael"]
[Black "Irimia, Andrei"]
[Result "1-0"]
[WhiteElo "1863"]
[BlackElo "1622"]
[PlyCount "115"]
[GameId "2160767910659307"]
[EventDate "2007.07.03"]
[EventType "swiss"]
[EventRounds "7"]
[EventCountry "CAN"]
[SourceTitle "EXT 2022"]
[Source "ChessBase"]
[SourceDate "2021.10.06"]
[SourceVersion "1"]
[SourceVersionDate "2021.10.06"]
[SourceQuality "1"]

1. e4 e6 2. d4 d5 3. exd5 exd5 4. Nf3 Nf6 5. Be2 Bd6 6. Bg5 Nc6 7. Nc3 Be7 8. O-O O-O 9. Re1 Ne4 10. Bxe7 Nxe7 11. Nxe4 dxe4 12. Ne5 Ng6 13. Nxg6 hxg6 14. Bc4 Re8 15. c3 Qg5 16. Re3 Qh5 17. Qb3 Qf5 18. Rae1 c6 19. f3 b5 20. fxe4 Qf6 21. Bd3 Bd7 22. e5 Qe7 23. e6 Bxe6 24. Rxe6 fxe6 25. Bxg6 Qf6 26. Bxe8 Rxe8 27. Rf1 Qg5 28. Qc2 Kh8 29. Rf3 a6 30. Rh3+ Kg8 31. Qh7+ Kf8 32. Qh8+ Ke7 33. Qh4 Qxh4 34. Rxh4 Rf8 35. Rh7 Kf6 36. Rh5 Kg6 37. Rc5 Rc8 38. Kf2 Kf6 39. Ke3 Ke7 40. g4 Kd6 41. h4 Rh8 42. Rh5 Rxh5 43. gxh5 Ke7 44. Kf4 Kf6 45. b4 Ke7 46. Ke5 Kd7 47. h6 gxh6 48. Kf6 Kd6 49. Kg6 e5 50. dxe5+ Kxe5 51. Kxh6 Kf5 52. h5 c5 53. Kg7 a5 54. bxa5 b4 55. c4 Ke6 56. h6 Ke7 57. h7 Ke6 58. h8=Q 1-0

[Event "CYCC U16"]
[Site "Ottawa CAN"]
[Date "2007.07.04"]
[Round "3"]
[White "Wee, Michael"]
[Black "Lai, Matthew"]
[Result "0-1"]
[WhiteElo "1613"]
[BlackElo "1877"]
[PlyCount "42"]
[GameId "2160767910659308"]
[EventDate "2007.07.03"]
[EventType "swiss"]
[EventRounds "7"]
[EventCountry "CAN"]
[SourceTitle "EXT 2022"]
[Source "ChessBase"]
[SourceDate "2021.10.06"]
[SourceVersion "1"]
[SourceVersionDate "2021.10.06"]
[SourceQuality "1"]

1. Nf3 Nf6 2. g3 g6 3. Bg2 Bg7 4. O-O O-O 5. d3 d5 6. Nbd2 c6 7. e4 Nbd7 8. Ne1 Nb6 9. h3 Qc7 10. f4 dxe4 11. dxe4 Rd8 12. Nd3 Be6 13. Qe1 Nc4 14. Nc5 Qb6 15. Ndb3 Nd7 16. Qf2 Nxc5 17. e5 Nxb3 18. Qxb6 Nxb6 19. axb3 Bd5 20. Bd2 Bxg2 21. Kxg2 Rxd2+ 0-1

[Event "CYCC U16"]
[Site "Ottawa CAN"]
[Date "2007.07.04"]
[Round "3"]
[White "Wong, Ming Jing"]
[Black "Brown, Gabriel"]
[Result "1-0"]
[WhiteElo "1683"]
[BlackElo "1937"]
[PlyCount "87"]
[GameId "2160767910659309"]
[EventDate "2007.07.03"]
[EventType "swiss"]
[EventRounds "7"]
[EventCountry "CAN"]
[SourceTitle "EXT 2022"]
[Source "ChessBase"]
[SourceDate "2021.10.06"]
[SourceVersion "1"]
[SourceVersionDate "2021.10.06"]
[SourceQuality "1"]

1. e4 c5 2. Nf3 d6 3. d4 cxd4 4. Nxd4 Nf6 5. Nc3 a6 6. Be3 e5 7. Nb3 Be7 8. Bc4 Nbd7 9. Qe2 Qc7 10. O-O-O b5 11. Bd5 Rb8 12. g4 b4 13. Na4 Nxd5 14. exd5 Nc5 15. Naxc5 dxc5 16. Nd2 Bb7 17. Nc4 Rd8 18. d6 Bxd6 19. Nxd6+ Rxd6 20. Rxd6 Qxd6 21. Rd1 Qc7 22. Qc4 O-O 23. Bxc5 Rc8 24. Qxb4 h6 25. Rd2 a5 26. Qb6 Qxb6 27. Bxb6 a4 28. c3 Rc4 29. h3 h5 30. Rd8+ Kh7 31. Rd7 Bf3 32. Rxf7 hxg4 33. hxg4 Bxg4 34. Re7 Re4 35. Bc7 Re1+ 36. Kd2 Re2+ 37. Kd3 e4+ 38. Rxe4 Rxb2 39. Rxg4 Rxa2 40. Bb6 a3 41. Ra4 Rb2 42. Bd4 a2 43. c4 Rb3+ 44. Kc2 1-0

[Event "CYCC U16"]
[Site "Ottawa CAN"]
[Date "2007.07.04"]
[Round "3"]
[White "Xu, Haizhou"]
[Black "Dallaire, Patrick"]
[Result "1-0"]
[WhiteElo "1349"]
[BlackElo "1433"]
[PlyCount "41"]
[GameId "2160767910659310"]
[EventDate "2007.07.03"]
[EventType "swiss"]
[EventRounds "7"]
[EventCountry "CAN"]
[SourceTitle "EXT 2022"]
[Source "ChessBase"]
[SourceDate "2021.10.06"]
[SourceVersion "1"]
[SourceVersionDate "2021.10.06"]
[SourceQuality "1"]

1. e4 c5 2. Nf3 Nc6 3. d4 cxd4 4. Nxd4 Nf6 5. Nc3 d6 6. Bg5 e6 7. Qd2 Be7 8. O-O-O O-O 9. Ndb5 Ne8 10. Bxe7 Qxe7 11. Nxd6 Nxd6 12. Qxd6 Qg5+ 13. f4 Qf6 14. Qd2 Rd8 15. Bd3 e5 16. Nd5 Qe6 17. f5 Qd6 18. f6 g6 19. Bc4 Kf8 20. Qh6+ Kg8 21. Qg7# 1-0

[Event "CYCC U16"]
[Site "Ottawa CAN"]
[Date "2007.07.06"]
[Round "3"]
[White "Raymer, Evan"]
[Black "Trandafir, Stefan"]
[Result "0-1"]
[WhiteElo "1935"]
[BlackElo "1925"]
[PlyCount "72"]
[GameId "2160767910659312"]
[EventDate "2007.07.03"]
[EventType "swiss"]
[EventRounds "7"]
[EventCountry "CAN"]
[SourceTitle "EXT 2022"]
[Source "ChessBase"]
[SourceDate "2021.10.06"]
[SourceVersion "1"]
[SourceVersionDate "2021.10.06"]
[SourceQuality "1"]

1. e4 c5 2. Nf3 Nc6 3. d4 cxd4 4. Nxd4 Nf6 5. Nc3 e5 6. Ndb5 d6 7. Bg5 a6 8. Bxf6 gxf6 9. Na3 b5 10. Nd5 f5 11. Bxb5 axb5 12. Nxb5 Ra4 13. Nbc7+ Kd7 14. O-O Rxe4 15. Qh5 Ne7 16. Qxf7 Kc6 17. c4 Rg4 18. b4 Rhg8 19. b5+ Kb7 20. a4 Rxg2+ 21. Kh1 Nxd5 22. Nxd5+ Bd7 23. Nf6 R8g7 24. Qd5+ Kb8 25. Nxd7+ Qxd7 26. a5 Qd8 27. Qxg2 Rxg2 28. Kxg2 Qg5+ 29. Kh1 Qf4 30. f3 e4 31. a6 Bg7 32. a7+ Ka8 33. Ra6 Be5 34. Rf2 exf3 35. Kg1 Qc1+ 36. Rf1 Bd4+ 0-1

[Event "CYCC U16"]
[Site "Ottawa CAN"]
[Date "2007.07.04"]
[Round "4"]
[White "Ang, Alan"]
[Black "Wong, Ming Jing"]
[Result "0-1"]
[WhiteElo "2050"]
[BlackElo "1683"]
[PlyCount "110"]
[GameId "2160767910659313"]
[EventDate "2007.07.03"]
[EventType "swiss"]
[EventRounds "7"]
[EventCountry "CAN"]
[SourceTitle "EXT 2022"]
[Source "ChessBase"]
[SourceDate "2021.10.06"]
[SourceVersion "1"]
[SourceVersionDate "2021.10.06"]
[SourceQuality "1"]

1. e4 e5 2. Nf3 Nc6 3. d4 exd4 4. Bc4 d6 5. O-O Bg4 6. Bxf7+ Kxf7 7. c3 Bxf3 8. Qxf3+ Nf6 9. Rd1 Ne5 10. Qe2 d3 11. Qe3 Be7 12. f4 Nc4 13. Qxd3 Nb6 14. Nd2 Re8 15. Nf3 d5 16. e5 Ne4 17. b3 Bc5+ 18. Kf1 Kg8 19. Be3 Bxe3 20. Qxe3 Qe7 21. c4 c6 22. a4 Rad8 23. a5 Nc8 24. Rab1 Qc5 25. Rd4 Qxa5 26. Rbd1 Ne7 27. g4 b5 28. f5 bxc4 29. bxc4 Qc7 30. h4 Ng3+ 31. Kg2 Ngxf5 32. gxf5 Nxf5 33. Qg5 Nxd4 34. Rxd4 Qe7 35. Qh5 Qf7 36. Qg5 Qg6 37. Qxg6 hxg6 38. cxd5 Rxd5 39. Rc4 c5 40. Ra4 Rd7 41. Ra6 Rc7 42. Ra3 c4 43. Rc3 Rb8 44. e6 Rb3 45. Rc1 c3 46. Ne5 Rb6 47. e7 Rxe7 48. Nc4 Rc6 49. Na3 c2 50. Kf2 Re4 51. Rxc2 Rxc2+ 52. Nxc2 Rxh4 53. Kg3 Rc4 54. Ne3 Rc3 55. Kf4 Rxe3 0-1

[Event "CYCC U16"]
[Site "Ottawa CAN"]
[Date "2007.07.04"]
[Round "4"]
[White "Dallaire, Patrick"]
[Black "Liu, Robert"]
[Result "0-1"]
[WhiteElo "1433"]
[BlackElo "1526"]
[PlyCount "82"]
[GameId "2160767910659315"]
[EventDate "2007.07.03"]
[EventType "swiss"]
[EventRounds "7"]
[EventCountry "CAN"]
[SourceTitle "EXT 2022"]
[Source "ChessBase"]
[SourceDate "2021.10.06"]
[SourceVersion "1"]
[SourceVersionDate "2021.10.06"]
[SourceQuality "1"]

1. d4 Nf6 2. c4 e6 3. Nc3 Bb4 4. a3 Bxc3+ 5. bxc3 c5 6. Nf3 d5 7. e3 O-O 8. Be2 Nc6 9. O-O Ne4 10. Qc2 f5 11. cxd5 exd5 12. c4 cxd4 13. cxd5 Ne7 14. Nxd4 Kh8 15. Bd3 Qxd5 16. Bxe4 fxe4 17. Bd2 Ng6 18. Bb4 Rf6 19. h3 b6 20. Qb3 Qg5 21. Qc2 Bd7 22. Qxe4 Re8 23. Qb7 Bxh3 24. Ne2 Rf7 25. Ng3 Rxb7 26. gxh3 h5 27. Kh2 Qe5 28. Rad1 h4 29. Bd6 hxg3+ 30. Kg1 Qe6 31. fxg3 Qxe3+ 32. Kh2 Ne5 33. Bxe5 Qxe5 34. Rg1 Qe2+ 35. Kh1 Qf3+ 36. Rg2 Qxd1+ 37. Kh2 Re1 38. g4 Rh1+ 39. Kg3 Rf7 40. Rf2 Qd3+ 41. Kg2 Qxh3# 0-1

[Event "CYCC U16"]
[Site "Ottawa CAN"]
[Date "2007.07.04"]
[Round "4"]
[White "Gjorgjevik, Kristijan"]
[Black "Levesque, Mason"]
[Result "1-0"]
[WhiteElo "1369"]
[BlackElo "1388"]
[PlyCount "55"]
[GameId "2160767910659316"]
[EventDate "2007.07.03"]
[EventType "swiss"]
[EventRounds "7"]
[EventCountry "CAN"]
[SourceTitle "EXT 2022"]
[Source "ChessBase"]
[SourceDate "2021.10.06"]
[SourceVersion "1"]
[SourceVersionDate "2021.10.06"]
[SourceQuality "1"]

1. e4 e5 2. Nf3 Nc6 3. Bc4 Nf6 4. Ng5 d5 5. exd5 Nxd5 6. Qf3 Qxg5 7. Bxd5 Qg6 8. c3 Bg4 9. Bxf7+ Qxf7 10. Qxg4 Bc5 11. O-O O-O 12. Qe2 Rae8 13. d3 Nd4 14. cxd4 exd4 15. Qd1 Bd6 16. b3 Qf6 17. Ba3 c5 18. Nd2 Qe5 19. g3 Rf5 20. Re1 Qf6 21. Rxe8+ Kf7 22. Ne4 Qg6 23. Nxd6+ Qxd6 24. Qe2 b6 25. Re1 Qd5 26. Qe7+ Kg6 27. Re6+ Kh5 28. Qh4# 1-0

[Event "CYCC U16"]
[Site "Ottawa CAN"]
[Date "2007.07.04"]
[Round "4"]
[White "Irimia, Andrei"]
[Black "Wee, Michael"]
[Result "0-1"]
[WhiteElo "1622"]
[BlackElo "1613"]
[PlyCount "68"]
[GameId "2160767910659317"]
[EventDate "2007.07.03"]
[EventType "swiss"]
[EventRounds "7"]
[EventCountry "CAN"]
[SourceTitle "EXT 2022"]
[Source "ChessBase"]
[SourceDate "2021.10.06"]
[SourceVersion "1"]
[SourceVersionDate "2021.10.06"]
[SourceQuality "1"]

1. d4 Nf6 2. Nf3 g6 3. Bf4 Bg7 4. e3 O-O 5. c4 d6 6. Nc3 Nh5 7. Bg3 f5 8. Be2 Nxg3 9. hxg3 e5 10. d5 a5 11. e4 f4 12. gxf4 exf4 13. Qd2 Na6 14. Nh2 Nc5 15. Bd3 a4 16. Rb1 Qh4 17. Nb5 Rf7 18. O-O f3 19. Nxf3 Rxf3 20. g3 Qe7 21. Bc2 Bh3 22. Rfe1 Raf8 23. b4 axb3 24. axb3 Qf7 25. Re2 Be5 26. Kh2 Bg4 27. Kg1 Qf6 28. b4 Na6 29. Ba4 Bh3 30. Kh2 Qh4 31. Kg1 Bxg3 32. fxg3 Rxg3+ 33. Kh1 Bg2+ 34. Kg1 Qh1# 0-1

[Event "CYCC U16"]
[Site "Ottawa CAN"]
[Date "2007.07.04"]
[Round "4"]
[White "Kaminski, Victor"]
[Black "MacMillan, Michael"]
[Result "1-0"]
[WhiteElo "2306"]
[BlackElo "1863"]
[PlyCount "107"]
[GameId "2160767910659318"]
[EventDate "2007.07.03"]
[EventType "swiss"]
[EventRounds "7"]
[EventCountry "CAN"]
[SourceTitle "EXT 2022"]
[Source "ChessBase"]
[SourceDate "2021.10.06"]
[SourceVersion "1"]
[SourceVersionDate "2021.10.06"]
[SourceQuality "1"]

1. d4 d5 2. Nf3 Nf6 3. c4 c6 4. Nc3 Bf5 5. e3 Nbd7 6. Be2 e6 7. Nh4 Bg6 8. Nxg6 hxg6 9. cxd5 cxd5 10. Bd2 a6 11. a4 Bd6 12. g3 Rc8 13. Bf3 Nb6 14. b3 e5 15. a5 e4 16. Be2 Nbd7 17. Na4 Qe7 18. Rb1 Bb4 19. Bxb4 Qxb4+ 20. Qd2 Qxd2+ 21. Kxd2 Ke7 22. h4 Ne8 23. Rhc1 Nd6 24. Nc3 Ke6 25. Bf1 f5 26. Ne2 Nf6 27. Nf4+ Kf7 28. Rc5 Rxc5 29. dxc5 Nc8 30. b4 Ne7 31. b5 axb5 32. Bxb5 Rc8 33. Ba4 Rc7 34. Rb6 Nd7 35. Bxd7 Rxd7 36. a6 bxa6 37. c6 Rc7 38. Rb7 Rxb7 39. cxb7 Nc6 40. Nxd5 Ke6 41. Nc7+ Kd6 42. Nxa6 Ke5 43. b8=Q+ Nxb8 44. Nxb8 Kf6 45. Nd7+ Ke6 46. Nf8+ Kf7 47. Nh7 Ke6 48. Kc3 Kd5 49. Kb4 Ke5 50. Kc5 Ke6 51. Kd4 Kd6 52. Ng5 Ke7 53. Ke5 Kd7 54. Ne6 1-0

[Event "CYCC U16"]
[Site "Ottawa CAN"]
[Date "2007.07.04"]
[Round "4"]
[White "Lai, Matthew"]
[Black "Xu, Haizhou"]
[Result "1-0"]
[WhiteElo "1877"]
[BlackElo "1349"]
[PlyCount "75"]
[GameId "2160767910659319"]
[EventDate "2007.07.03"]
[EventType "swiss"]
[EventRounds "7"]
[EventCountry "CAN"]
[SourceTitle "EXT 2022"]
[Source "ChessBase"]
[SourceDate "2021.10.06"]
[SourceVersion "1"]
[SourceVersionDate "2021.10.06"]
[SourceQuality "1"]

1. e4 c5 2. Nf3 d6 3. d4 cxd4 4. Nxd4 Nf6 5. Nc3 a6 6. Bg5 e6 7. f4 Be7 8. Qf3 Qc7 9. O-O-O Nbd7 10. Bd3 b5 11. Rhe1 Bb7 12. Qg3 O-O 13. e5 dxe5 14. fxe5 Nh5 15. Qg4 Bxg5+ 16. Qxg5 g6 17. g4 Ng7 18. h4 b4 19. Nb1 Nc5 20. h5 Rfd8 21. Qe3 Rac8 22. Be4 Bd5 23. Bxd5 Rxd5 24. Re2 Qa5 25. a3 bxa3 26. Nxa3 Qa4 27. Kb1 Rb8 28. hxg6 fxg6 29. Red2 Qb4 30. Nb3 Rxd2 31. Rxd2 Nxb3 32. cxb3 Qxg4 33. Nc4 Nf5 34. Qa7 Qe4+ 35. Ka2 Qb7 36. Rd8+ Rxd8 37. Qxb7 h5 38. Nd6 1-0

[Event "CYCC U16"]
[Site "Ottawa CAN"]
[Date "2007.07.04"]
[Round "4"]
[White "Nadeau, Jeremie"]
[Black "Raymer, Evan"]
[Result "0-1"]
[WhiteElo "1579"]
[BlackElo "1935"]
[PlyCount "94"]
[GameId "2160767910659320"]
[EventDate "2007.07.03"]
[EventType "swiss"]
[EventRounds "7"]
[EventCountry "CAN"]
[SourceTitle "EXT 2022"]
[Source "ChessBase"]
[SourceDate "2021.10.06"]
[SourceVersion "1"]
[SourceVersionDate "2021.10.06"]
[SourceQuality "1"]

1. e4 c5 2. Nf3 d6 3. d4 cxd4 4. Nxd4 Nf6 5. Nc3 a6 6. Bd3 g6 7. Be3 Bg7 8. Qd2 Ng4 9. h3 Nxe3 10. Qxe3 Qb6 11. Nb3 Qxe3+ 12. fxe3 Bxc3+ 13. bxc3 Be6 14. O-O Nd7 15. Rab1 b5 16. Na5 Rc8 17. a4 bxa4 18. Bxa6 Ra8 19. Bb5 Rxa5 20. Bxd7+ Kxd7 21. Rb7+ Kc6 22. Rfb1 a3 23. R7b4 a2 24. Ra1 Rb5 25. Rxb5 Kxb5 26. Kf2 Rb8 27. Ke2 Ka4 28. Kd3 Rb1 29. Rxa2+ Bxa2 30. e5 dxe5 31. e4 Rg1 32. c4 Rxg2 33. c5 Kb5 34. h4 Kxc5 35. c4 Bxc4+ 36. Kc3 Rg3+ 37. Kb2 Kb4 38. Kc2 Rg2+ 39. Kd1 Kc3 40. Ke1 Be6 41. Kf1 Ra2 42. Kg1 Kd3 43. h5 gxh5 44. Kh1 Ke3 45. Kg1 Kf3 46. Kh1 Kg3 47. Kg1 Ra1# 0-1

[Event "CYCC U16"]
[Site "Ottawa CAN"]
[Date "2007.07.04"]
[Round "4"]
[White "Zhou, Haonan"]
[Black "Chung, Kevin"]
[Result "1-0"]
[WhiteElo "2016"]
[BlackElo "2217"]
[PlyCount "55"]
[GameId "2160767910659322"]
[EventDate "2007.07.03"]
[EventType "swiss"]
[EventRounds "7"]
[EventCountry "CAN"]
[SourceTitle "EXT 2022"]
[Source "ChessBase"]
[SourceDate "2021.10.06"]
[SourceVersion "1"]
[SourceVersionDate "2021.10.06"]
[SourceQuality "1"]

1. d4 e6 2. c4 d5 3. Nc3 Nf6 4. Bg5 Be7 5. e3 h6 6. Bh4 O-O 7. Nf3 b6 8. Qb3 Bb7 9. Bxf6 Bxf6 10. cxd5 exd5 11. Rd1 c6 12. Bd3 Na6 13. O-O Nc7 14. Ne5 Bxe5 15. dxe5 Qe7 16. f4 f6 17. exf6 Qxe3+ 18. Kh1 Rxf6 19. Ne4 Re6 20. Rde1 Qd4 21. f5 Ree8 22. f6 Rf8 23. fxg7 Qxg7 24. Nd6 Bc8 25. Bf5 Bxf5 26. Nxf5 Qg5 27. h4 Qd8 28. Qg3+ 1-0

[Event "CYCC U16"]
[Site "Ottawa CAN"]
[Date "2007.07.05"]
[Round "5"]
[White "Lai, Matthew"]
[Black "Chung, Kevin"]
[Result "0-1"]
[WhiteElo "1877"]
[BlackElo "2217"]
[PlyCount "96"]
[GameId "2160767910659326"]
[EventDate "2007.07.03"]
[EventType "swiss"]
[EventRounds "7"]
[EventCountry "CAN"]
[SourceTitle "EXT 2022"]
[Source "ChessBase"]
[SourceDate "2021.10.06"]
[SourceVersion "1"]
[SourceVersionDate "2021.10.06"]
[SourceQuality "1"]

1. e4 e5 2. Nf3 Nc6 3. d4 exd4 4. Nxd4 Nf6 5. Nc3 Bb4 6. Nxc6 bxc6 7. Bd3 O-O 8. O-O d5 9. exd5 cxd5 10. Bg5 c6 11. Qf3 Be7 12. h3 h6 13. Bd2 Nh7 14. b3 Ng5 15. Qg3 Bd6 16. f4 Ne6 17. Qf3 Nc5 18. f5 Nxd3 19. cxd3 Qf6 20. Rac1 Bb7 21. Na4 Rfe8 22. Qg4 Ba6 23. Rf3 Re2 24. Bc3 Be5 25. Bxe5 Qxe5 26. Nc5 Bc8 27. d4 Qe7 28. Rf2 Rxf2 29. Kxf2 Qf6 30. Qf4 g5 31. Qe3 Bxf5 32. Kg1 Qd6 33. Rf1 Bg6 34. h4 Kg7 35. hxg5 hxg5 36. Qxg5 Rh8 37. Qf4 Qxf4 38. Rxf4 Re8 39. Kf2 Be4 40. Rg4+ Kf6 41. Nxe4+ dxe4 42. Ke3 Kf5 43. Rf4+ Kg6 44. Rxe4 Rxe4+ 45. Kxe4 Kg5 46. b4 f5+ 47. Ke5 f4 48. b5 cxb5 0-1

[Event "CYCC U16"]
[Site "Ottawa CAN"]
[Date "2007.07.05"]
[Round "5"]
[White "Levesque, Mason"]
[Black "Dallaire, Patrick"]
[Result "0-1"]
[WhiteElo "1388"]
[BlackElo "1433"]
[PlyCount "86"]
[GameId "2160767910659327"]
[EventDate "2007.07.03"]
[EventType "swiss"]
[EventRounds "7"]
[EventCountry "CAN"]
[SourceTitle "EXT 2022"]
[Source "ChessBase"]
[SourceDate "2021.10.06"]
[SourceVersion "1"]
[SourceVersionDate "2021.10.06"]
[SourceQuality "1"]

1. e4 c5 2. Nf3 Nc6 3. Bb5 d6 4. d4 cxd4 5. Nxd4 Bd7 6. Bxc6 Bxc6 7. Nc3 Nf6 8. Qd3 g6 9. Nxc6 bxc6 10. Qa6 Qb6 11. Qc4 Bg7 12. Na4 Qb5 13. Qb3 Qxb3 14. axb3 Nxe4 15. Nb6 Rb8 16. Nc4 Rb7 17. O-O O-O 18. Re1 d5 19. Na5 Rc7 20. f3 Nd6 21. Bf4 Bxb2 22. Rab1 Bc3 23. Bxd6 exd6 24. Red1 Bxa5 25. c4 dxc4 26. bxc4 Rd7 27. h3 Re8 28. f4 Ree7 29. Kh2 Bc7 30. h4 h5 31. Kh3 Re3+ 32. g3 a5 33. Rb7 Rde7 34. Rf1 d5 35. cxd5 cxd5 36. f5 Rxg3+ 37. Kh2 Rb3+ 38. Rxc7 Rxc7 39. fxg6 Rc2+ 40. Kh1 fxg6 41. Rg1 Kh7 42. Re1 Kh6 43. Kg1 a4 0-1

[Event "CYCC U16"]
[Site "Ottawa CAN"]
[Date "2007.07.05"]
[Round "5"]
[White "MacMillan, Michael"]
[Black "Trandafir, Stefan"]
[Result "0-1"]
[WhiteElo "1863"]
[BlackElo "1925"]
[PlyCount "78"]
[GameId "2160767910659328"]
[EventDate "2007.07.03"]
[EventType "swiss"]
[EventRounds "7"]
[EventCountry "CAN"]
[SourceTitle "EXT 2022"]
[Source "ChessBase"]
[SourceDate "2021.10.06"]
[SourceVersion "1"]
[SourceVersionDate "2021.10.06"]
[SourceQuality "1"]

1. e4 c5 2. Nf3 Nc6 3. d4 cxd4 4. Nxd4 Nf6 5. Nc3 e5 6. Ndb5 d6 7. Nd5 Nxd5 8. exd5 Nb8 9. Be3 Be7 10. c3 a6 11. Na3 O-O 12. Nc4 Nd7 13. a4 f5 14. Qb3 f4 15. Bb6 Nxb6 16. Nxb6 Rb8 17. Nxc8 Qxc8 18. Be2 e4 19. O-O-O b5 20. Rd4 f3 21. gxf3 Bg5+ 22. Kc2 Qh3 23. Rdd1 Qh4 24. Rdf1 exf3 25. Bd3 bxa4 26. Qc4 a3 27. bxa3 Bf4 28. Qe4 Rfe8 29. Qxf3 Be5 30. Bf5 Qa4+ 31. Kd3 Rb3 32. Qg4 Rxc3+ 33. Kd2 Qxa3 34. Bxh7+ Kh8 35. Bc2 Rxc2+ 36. Kxc2 Qc3+ 37. Kd1 Qd3+ 38. Kc1 Bb2+ 39. Kxb2 Rb8+ 0-1

[Event "CYCC U16"]
[Site "Ottawa CAN"]
[Date "2007.07.05"]
[Round "5"]
[White "Nadeau, Jeremie"]
[Black "Brown, Gabriel"]
[Result "0-1"]
[WhiteElo "1579"]
[BlackElo "1937"]
[PlyCount "66"]
[GameId "2160767910659329"]
[EventDate "2007.07.03"]
[EventType "swiss"]
[EventRounds "7"]
[EventCountry "CAN"]
[SourceTitle "EXT 2022"]
[Source "ChessBase"]
[SourceDate "2021.10.06"]
[SourceVersion "1"]
[SourceVersionDate "2021.10.06"]
[SourceQuality "1"]

1. e4 c5 2. Nf3 d6 3. d4 cxd4 4. Nxd4 Nf6 5. Nc3 a6 6. h3 e5 7. Nf3 b5 8. a3 Bb7 9. Bd3 Be7 10. Bg5 Nbd7 11. O-O O-O 12. b4 Rc8 13. Nxb5 axb5 14. Bxb5 Nxe4 15. Be3 Nc3 16. Qd2 Nxb5 17. a4 Nc3 18. Ra3 Ne4 19. Qd3 Nb6 20. Qb5 Nc4 21. Ra2 Nc3 22. Qxb7 Nxe3 23. fxe3 Nxa2 24. b5 Rxc2 25. b6 Bf6 26. a5 Qb8 27. Qxb8 Rxb8 28. Rb1 Rc1+ 29. Rxc1 Nxc1 30. Nd2 d5 31. Kf1 Bd8 32. Ke1 Bxb6 33. axb6 Rxb6 0-1

[Event "CYCC U16"]
[Site "Ottawa CAN"]
[Date "2007.07.05"]
[Round "5"]
[White "Raymer, Evan"]
[Black "Liu, Robert"]
[Result "1-0"]
[WhiteElo "1935"]
[BlackElo "1526"]
[PlyCount "39"]
[GameId "2160767910659330"]
[EventDate "2007.07.03"]
[EventType "swiss"]
[EventRounds "7"]
[EventCountry "CAN"]
[SourceTitle "EXT 2022"]
[Source "ChessBase"]
[SourceDate "2021.10.06"]
[SourceVersion "1"]
[SourceVersionDate "2021.10.06"]
[SourceQuality "1"]

1. e4 d5 2. exd5 Nf6 3. c4 c6 4. d4 cxd5 5. Nc3 Nc6 6. Nf3 Bg4 7. cxd5 Nxd5 8. Qb3 Bxf3 9. gxf3 Nxc3 10. bxc3 Qd7 11. Rb1 Rb8 12. Bf4 e5 13. Bxe5 Nxe5 14. dxe5 Qc7 15. Bb5+ Kd8 16. O-O Bc5 17. Rfd1+ Kc8 18. Bd7+ Kd8 19. Qxf7 Qxe5 20. Be6+ 1-0

[Event "CYCC U16"]
[Site "Ottawa CAN"]
[Date "2007.07.05"]
[Round "5"]
[White "Wee, Michael"]
[Black "Xu, Haizhou"]
[Result "0-1"]
[WhiteElo "1613"]
[BlackElo "1349"]
[PlyCount "56"]
[GameId "2160767910659331"]
[EventDate "2007.07.03"]
[EventType "swiss"]
[EventRounds "7"]
[EventCountry "CAN"]
[SourceTitle "EXT 2022"]
[Source "ChessBase"]
[SourceDate "2021.10.06"]
[SourceVersion "1"]
[SourceVersionDate "2021.10.06"]
[SourceQuality "1"]

1. Nf3 Nf6 2. g3 g6 3. Bg2 Bg7 4. O-O O-O 5. d3 d6 6. e4 c5 7. Nc3 Nc6 8. h3 Rb8 9. a4 a6 10. Ne1 b5 11. f4 b4 12. Ne2 Qb6 13. Be3 Nd7 14. c3 bxc3 15. bxc3 a5 16. Nc2 Ba6 17. Ra3 Rfc8 18. c4 Bb2 19. Ra2 Qb3 20. Qb1 Qxd3 21. Rxb2 Qxe2 22. f5 Nb4 23. Re1 Qxc4 24. Bf1 Nd3 25. Rxb8 Rxb8 26. Qd1 Qxe4 27. Bxc5 Nxe1 28. Bxa6 Qg2# 0-1

[Event "CYCC U16"]
[Site "Ottawa CAN"]
[Date "2007.07.05"]
[Round "5"]
[White "Wong, Ming Jing"]
[Black "Zhou, Haonan"]
[Result "0-1"]
[WhiteElo "1683"]
[BlackElo "2016"]
[PlyCount "40"]
[GameId "2160767910659332"]
[EventDate "2007.07.03"]
[EventType "swiss"]
[EventRounds "7"]
[EventCountry "CAN"]
[SourceTitle "EXT 2022"]
[Source "ChessBase"]
[SourceDate "2021.10.06"]
[SourceVersion "1"]
[SourceVersionDate "2021.10.06"]
[SourceQuality "1"]

1. e4 e6 2. d4 d5 3. Nc3 Nf6 4. Bg5 Be7 5. e5 Nfd7 6. Bxe7 Qxe7 7. f4 a6 8. Nf3 c5 9. dxc5 Nc6 10. Nd4 Qxc5 11. Nxc6 bxc6 12. Qd2 Rb8 13. O-O-O Qb4 14. b3 c5 15. Na4 Qa3+ 16. Kb1 Qxa4 17. g4 Qb4 18. Qe3 Nb6 19. Bh3 Nc4 20. Qe2 Qc3 0-1